|
|
|
|
| LEADER |
00000cam a2200000 4500 |
| 001 |
vtls012124038 |
| 003 |
SK-MaSNL |
| 005 |
20260301104633.0 |
| 008 |
220217s2021 xo dal frn 001 0 slo |
| 015 |
|
|
|a SNBA2022/04
|
| 020 |
|
|
|a 9788080777289
|q (viazané)
|
| 040 |
|
|
|a SNK
|b slo
|c SNK
|e rda
|
| 041 |
0 |
|
|a slo
|
| 044 |
|
|
|a xo
|c SK
|
| 072 |
|
7 |
|a 612
|x Fyziológia človeka a porovnávacia fyziológia
|2 konspekt
|
| 080 |
|
|
|a 612.8
|2 2011
|
| 080 |
|
|
|a 612.73/.74
|2 2011
|
| 080 |
|
|
|a (048.8:082)
|2 2011
|
| 080 |
|
|
|a 159.93
|2 2011
|
| 080 |
|
|
|a 611.77
|2 2001
|
| 100 |
1 |
|
|a Sopková, Drahomíra,
|d 1961-
|4 aut
|9 194463
|
| 245 |
1 |
0 |
|a Fyziológia nervov, svalov a termoregulácie
|c Drahomíra Sopková a kolektív
|
| 250 |
|
|
|a Prvé vydanie
|
| 264 |
|
1 |
|a Košice
|b Univerzita veterinárskeho lekárstva a farmácie v Košiciach
|c 2021
|
| 300 |
|
|
|a 102 strán
|b diagramy, grafy, ilustrácie (prevažne farebné), schémy, tabuľky
|c 25 cm
|
| 336 |
|
|
|a text
|b txt
|2 rdacontent
|
| 337 |
|
|
|a bez média
|b n
|2 rdamedia
|
| 338 |
|
|
|a zväzok
|b nc
|2 rdacarrier
|
| 504 |
|
|
|a Bibliografia na strane 97-98. Register na strane 99-101
|
| 650 |
0 |
7 |
|a neurofyziológia
|2 SNKPH
|9 19437
|
| 650 |
0 |
7 |
|a svaly
|2 SNKPH
|9 19994
|
| 650 |
0 |
7 |
|a termoregulácia
|2 SNKPH
|9 20395
|
| 650 |
0 |
7 |
|a Neurophysiology
|2 SNKPH
|9 268143
|
| 650 |
0 |
7 |
|a Muscles
|2 SNKPHeng
|9 312802
|
| 650 |
0 |
7 |
|a zmyslové vnímanie
|2 SNKPH
|9 68938
|
| 650 |
0 |
7 |
|a Senses and sensation
|2 SNKPHeng
|9 315509
|
| 650 |
0 |
7 |
|a koža (anatómia)
|2 SNKPH
|9 78125
|
| 650 |
0 |
7 |
|a Skin
|2 SNKPHeng
|9 340217
|
| 655 |
|
7 |
|a kolektívne monografie
|2 SNKPH
|9 249850
|
| 655 |
|
7 |
|a Collective monographs
|2 SNKPHeng
|9 125747
|
| 700 |
1 |
|
|a Vlčková, Radoslava,
|d 1978-
|4 aut
|9 194464
|
| 700 |
1 |
|
|a Ondrašovičová, Silvia,
|d 1976-
|4 aut
|9 194465
|
| 700 |
1 |
|
|a Andrejčáková, Zuzana
|4 aut
|9 443687
|
| 700 |
1 |
|
|a Petrilla, Vladimír,
|d 1976-
|4 aut
|9 237099
|
| 919 |
|
|
|a 978-80-8077-728-9
|
| 958 |
|
|
|a TL
|
| 958 |
|
|
|a MI
|
| 958 |
|
|
|a NB
|
| 999 |
|
|
|c 698694
|d 700624
|
| 952 |
|
|
|a SNK
|b SNK
|y PREZ
|7 0
|p 17A1479270
|o snkSC 196287
|i snk2022/2551
|8 0
|0 0
|1 0
|4 0
|d 2022-02-17
|f 1
|l 0
|r 2025-10-15 00:00:00
|w 2026-02-23
|
| 952 |
|
|
|a SNK
|b SNK
|y VYP
|7 0
|p 17A1479271
|o snkSC 196287 D1
|i snk2022/2552
|8 0
|0 0
|1 0
|4 0
|d 2022-02-17
|l 0
|r 2026-02-23 20:49:36
|w 2026-02-23
|